|
|
|
|
| LEADER |
00000nam0a2200000 4500 |
| 001 |
73925 |
| 005 |
20231031084822.0 |
| 035 |
|
|
|a (RuTPU)RU\TPU\book\78858
|
| 090 |
|
|
|a 73925
|
| 100 |
|
|
|a 20050224d1983 km y0rusy50 ca
|
| 101 |
0 |
|
|a rus
|
| 102 |
|
|
|a RU
|
| 105 |
|
|
|a a z 000zy
|
| 200 |
1 |
|
|a Изомеризация углеводородов: Химия и технология
|f Ю. М. Жоров
|
| 210 |
|
|
|a Москва
|c Химия
|d 1983
|
| 215 |
|
|
|a 301 с.
|c ил.
|
| 320 |
|
|
|a Библиография в конце глав.
|
| 610 |
1 |
|
|a углеводороды
|
| 610 |
1 |
|
|a изомеризация
|
| 610 |
1 |
|
|a химия
|
| 610 |
1 |
|
|a технология
|
| 610 |
1 |
|
|a термодинамика
|
| 610 |
1 |
|
|a кинетика
|
| 610 |
1 |
|
|a катализаторы
|
| 610 |
1 |
|
|a изомеры
|
| 610 |
1 |
|
|a расчеты
|
| 675 |
|
|
|a 665.65
|v 3
|
| 700 |
|
1 |
|a Жоров
|b Ю. М.
|g Юрий Моисеевич
|
| 801 |
|
1 |
|a RU
|b 63413507
|c 20050224
|g PSBO
|
| 801 |
|
2 |
|a RU
|b 63413507
|c 20091123
|g PSBO
|
| 900 |
|
|
|a Моделирование сложных многокомпонентных химических процессов
|
| 942 |
|
|
|c BK
|